| 000 | 00886nam a22002657a 4500 | ||
|---|---|---|---|
| 001 | 000465 | ||
| 003 | DO-SdBNP | ||
| 005 | 20240521132919.0 | ||
| 007 | 000465 | ||
| 008 | 160902b2007 ve 00| 0 spa d | ||
| 020 | _a9789801110415 | ||
| 040 |
_aBPMSU _bspa _cBPMSU |
||
| 082 | 4 |
_a658.4 _bG112c 2007 _222 |
|
| 100 | 1 | _aGabaldón Roncajolo, Fernando | |
| 245 | 1 | 3 |
_aEl comportamiento organizacional en la práctica / _cGabaldón Roncajolo _b |
| 260 |
_aMérida, Venezuela : _bConsejo de Publicaciones de la Universidad de los Andes, _c2007 |
||
| 300 |
_a537 p. : _bil. ; _c23 cm. |
||
| 500 | _aIncluye datos biográficos del autor en la contracubierta | ||
| 590 | _aInventariado, 2024/VM | ||
| 650 | 4 | _aComportamiento organizacional | |
| 650 | 4 | _a Organización industrial | |
| 650 | 4 | _aPsicología industrial | |
| 910 | _aVMateo V. Control de calidad. BPMSU | ||
| 942 |
_2ddc _cBK |
||
| 999 |
_c14653 _d14653 |
||